000
00294nam a22001337a 4500
008
180824b xxu||||| |||| 00| 0 eng d
020
_a
0316924032
041
_a
eng
080
_a
61
100
_a
3
101
_a
SHM
245
_a
MANUAL MEDICAL THERAPEUTICS
_c
MILLER.L.W
942
_2
udc
_c
BK
999
_c
47321
_d
47321